| 000 | 00783nam a22001817a 4500 | ||
|---|---|---|---|
| 999 |
_c11746 _d11746 |
||
| 003 | AR-CdUCM | ||
| 008 | 190404b ||||| |||| 00| 0 spa d | ||
| 040 |
_aMUNICIPALIDAD PROVINCIAL DEL CUSCO _cBIBLIOTECA MUNICIPAL DEL CUSCO |
||
| 082 |
_a335.4 / _bM29 / 1936 |
||
| 100 |
_aManuilski, D.Z. _929254 |
||
| 245 |
_aEl gran viraje : _bCuestiones de polĂtica mundial / |
||
| 260 |
_aSantiago de Chile : _bEditorial Antares, _c1936. |
||
| 300 |
_a93 paginas ; _c18 cm. |
||
| 505 | _aContenido :La victoria del socialismo en la U.R.S.S. --Congreso de lucha contra el fascismo, el enemigo encarnizado de la clase obrera --Congreso de lucha contra la guerra imperialista por la paz en la defensa de la U.R.S.S ... | ||
| 650 |
_aSocialismo _91037 |
||
| 942 |
_2ddc _cLIBROS |
||
| 945 | _arjall | ||